1581 1775 1449 1253 1257 1839 1539 1916 1279 1421 1923 1936 1111 1121 1082 1956 1827 1603 1623 1753 1245 1246 1171 1643 1706 1449 1431 1223 1750 1041 1107 1495 1728 1209 1954 1230 1554 1983 1637 1177 1690 1973 1011 1664 1541 1594 1703 1583 1186 1781 1755 1338 1487 1034 1946 1467 1839 1757 1636 1611 1126 1825 1293 1260 1199 1619 1051 1263 1277 1662 1510 1859 1569 1197 1036 1380 1013 1992 1613 1787 1292 1767 1363 1882 1328 1864 1672 1185 1338 1445 1191 1537 1031 1512 1781 1457 1705 1416 1254 BCNSPRNW ULIB Ver.6.0+V

เปลี่ยนเป็นภาษาไทย

Change to English
 แสดงรายละเอียดบรรณานุกรม
  กลับหน้าหลัก

Brief Record : Get Marc (ISO 2709) : E-mail record : QR code < ปิดหน้าต่าง
LEADER : 00000nam 2200000uu 4500
001    13399114436
003     ULIB
008    120328s||||||||th 000 0 tha d
020    9789740327912
050  4 BF441^bช14ก
100 0  ชนาธิป พรกุล
245 00 การสอนกระบวนการคิด ทฤษฎีและการนำไปใช้^cชนาธิป พรกุล
250    พิมพ์ครั้งที่ 2
260    กรุงเทพฯ:^bสำนักพิมพ์แห่งจุฬาลงกรณ์มหาวิทยาลัย,^c2554
300    454 หน้า:^bภาพประกอบ,^c29cm
650  4 การคิด
650  4 การสอนการคิด
945    ^p310^l0^i031546
945    ^p310^l0^i033996
945    ^p310^l0^i033997
995    เกษร
999 ^a ใช้งานได้ทุกระบบ
รายการนี้ยังไม่มีแท็ก
คุณยังไม่ได้ล็อกอิน คุณสามารถมีกิจกรรมร่วมกับเว็บไซต์ได้ แต่ต้องล็อกอินก่อน ::
  ล็อกอิน

รายการสื่อสารสนเทศ

ลำดับที่ ประเภท เลขเรียก/บาร์โค้ด สถานที่ สถานะ
1. การศึกษาทั่วไป
การศึกษาทั่วไป
BF441 ช14ก ฉ.2 
  Barcode: 033996
ห้องสมุดวิทยาเขตนครสวรรค์
►หนังสือทั่วไป:l:General Books
บนชั้น
2. การศึกษาทั่วไป
การศึกษาทั่วไป
BF441 ช14ก ฉ.3 
  Barcode: 033997
ห้องสมุดวิทยาเขตนครสวรรค์
►หนังสือทั่วไป:l:General Books
บนชั้น

รายการใกล้เคียง
    หัวเรื่อง [การคิด]
    หัวเรื่อง [การสอนการคิด]

BibComment


ยังไม่เคยถูกคอมเมนท์

คอมเมนท์ทรัพยากรรายการนี้
  คอมเมนท์: การสอนกระบวนการคิ..


 Copyright 2026. Bcnsprnw @Library